Divinités du styx : Contes fantastiques
Kaydedildi:
| Yazar: | |
|---|---|
| Materyal Türü: | Kitap |
| Dil: | Undetermined |
| Baskı/Yayın Bilgisi: |
París, Francia
Grasset & Fasquelle
1998
|
| Konular: | |
| Etiketler: |
Etiketle
Etiket eklenmemiş, İlk siz ekleyin!
|
MARC
| LEADER | 00000nam a2200000Ia 4500 | ||
|---|---|---|---|
| 008 | 170316s9999 xx 000 0 und d | ||
| 040 | |a cru BVZT | ||
| 090 | |a 840 S-10.1d | ||
| 100 | |a Schneider, Marcel | ||
| 245 | |a Divinités du styx : Contes fantastiques | ||
| 260 | |a París, Francia | ||
| 260 | |b Grasset & Fasquelle | ||
| 260 | |c 1998 | ||
| 300 | |a 356 páginas | ||
| 650 | |a LITERATURA FRANCESA | ||
| 999 | |c 7950 |d 7950 | ||
| 942 | |c 15 D |h 840 S-10.1d |2 z | ||
